Before you build your church. (Record no. 9072)

000 -LEADER
fixed length control field 00574nam a2200193 a 4500
001 - CONTROL NUMBER
control field :::00006853$&:&@@
003 - CONTROL NUMBER IDENTIFIER
control field OkBaRHE
005 - DATE AND TIME OF LATEST TRANSACTION
control field 20000607103333.0
008 - FIXED-LENGTH DATA ELEMENTS--GENERAL INFORMATION
fixed length control field s1979 j 000 0 eng u
020 ## - INTERNATIONAL STANDARD BOOK NUMBER
International Standard Book Number 0805435115
040 ## - CATALOGING SOURCE
Transcribing agency
100 1# - MAIN ENTRY--PERSONAL NAME
Personal name Smith, Roland A.
245 10 - TITLE STATEMENT
Title Before you build your church.
260 ## - PUBLICATION, DISTRIBUTION, ETC. (IMPRINT)
Place of publication, distribution, etc Nashville, TN., :
Name of publisher, distributor, etc Broadman Press
Date of publication, distribution, etc c1979
300 ## - PHYSICAL DESCRIPTION
Extent 64, [1] p. ;
Dimensions 19 cm.
650 ## - SUBJECT ADDED ENTRY--TOPICAL TERM
Topical term or geographic name as entry element Church Facilities
General subdivision Planning
942 ## - ADDED ENTRY ELEMENTS (KOHA)
Source of classification or shelving scheme
Koha item type Books
Copies
Source of classification or shelving scheme Date last seen Barcode Full call number Koha item type Price effective from Permanent Location Not for loan Damaged status Date acquired Lost status Copy number Withdrawn status Shelving location
 2010-04-146853BV 604 .S64Books2010-04-14RHEMA Bible Training College  2010-04-14 1 General Stacks